000 00638nam a2200241Ia 4500
003 OSt
005 20220924113941.0
006 a|||||r|||| 00| 0
007 ta
008 220923b |||||||| |||| 00| 0 urd d
020 _c75
024 _a314202
037 _cTextual
040 _aARTS
_cARTS
_burd
041 _2urd
_aurd
082 _aO168,1N031x, K2
100 _aJoanpuri Shafeeq
_9170969
245 0 _aShafeeq Joanpuri
260 _aAligarh
_bAnjuman Taraqqi Urdu India
_c1962
650 _aURDU POETRY
942 _hO168,1N031x, K2
_cTEXL
_2CC
999 _c391074
_d391074